Т. 83, № 12; Вестник Российской академии наук

Detalhes bibliográficos
Parent link:Вестник Российской академии наук: научный и общественно-политический журнал/ Российская академия наук (РАН). Т. 83, № 12.— , 1992-.— 0869-5873
Idioma:russo
Publicado em: 2013
Formato: Livro
KOHA link:https://koha.lib.tpu.ru/cgi-bin/koha/opac-detail.pl?biblionumber=528325

MARC

LEADER 00000nam2a2200000 4500
001 528325
005 20231101112046.0
035 |a (RuTPU)RU\TPU\prd\213411 
090 |a 528325 
100 |a 20140218a19319999k y0rusy50 ca 
101 0 |a rus 
102 |a RU 
200 0 |a Т. 83, № 12 
210 |d 2013 
461 1 |0 (RuTPU)RU\TPU\prd\578  |x 0869-5873  |t Вестник Российской академии наук  |o научный и общественно-политический журнал  |f Российская академия наук (РАН)  |v Т. 83, № 12  |d 1992- 
801 0 |a RU  |b 63413507  |c 20010227  |g PSBO 
801 1 |a RU  |b 63413507  |c 20140218 
801 2 |a RU  |b 63413507  |c 20230329  |g RCR 
942 |c BK 
999 |a НТБ_ТПУ  |b НФ  |e -1/20140109  |p П-3130  |s 3/20130508  |u 0,00  |v 1